Transakčné náklady a ich vplyv na export tovarov a železničnú dopravu

Transakčné náklady z pohľadu tovarového exportu krajiny a z pohľadu medzinárodnej železničnej dopravy ako jedného z nositeľov dodania v medzinárodnej kúpnej zmluve.

Uložené v:
Podrobná bibliografia
Hlavný autor: Hansenová, Heda
Ďalší autori: Zorkóciová, Otília, 1954-
Médium: Kapitola
Jazyk:Slovak
Predmet:
Tagy: Pridať tag
Žiadne tagy, Buďte prvý, kto otaguje tento záznam!

MARC

LEADER 00000naa$a2200000$$$4500
001 0117719
005 20240502083306.1
041 0 |a slo 
044 |a CZ 
245 1 0 |a Transakčné náklady a ich vplyv na export tovarov a železničnú dopravu  |c Heda Hansenová, Otília Zorkóciová 
520 |a Transakčné náklady z pohľadu tovarového exportu krajiny a z pohľadu medzinárodnej železničnej dopravy ako jedného z nositeľov dodania v medzinárodnej kúpnej zmluve. 
610 2 0 |a obchod medzinárodný 
610 2 0 |a náklady transakčné 
610 2 0 |a vývoz 
610 2 0 |a doprava železničná 
610 2 0 |a doprava medzinárodná 
100 1 |a Hansenová, Heda 
700 1 |a Zorkóciová, Otília, 1954-